000 01243nam0a22002531 4500
001 rc\4427082
005 20250611172556.0
035 _a(NLR Aleph) 008309715
090 _a8689205
_c8689205
100 _a20130416d1967 |||y0rusy50 ca
101 0 _arus
102 _aRU
105 _ay z |||||
200 1 _aТезисы доклада на НТС 20/XII 1967 г. по теме 20-67 "Исследование физико-химических основ спекания клинкера и роли легирующих добавок"
_fМ-во пром-сти строит. материалов СССР. Главниипроект. Гос. ордена Труд. Красного Знамени всесоюз. проектный и науч.-исслед. ин-т цементной пром-сти. "Гипроцемент"
210 _aЛенинград
_cБ. и.
_d1967
215 _a[1], 3 л.
_d30
300 _aОтпеч. множит. аппаратом
333 _aДля служебного пользования. Экз. № 65
700 1 _aЗозуля
_bП.В.
_gПавел Васильевич
801 0 _aRU
_bNLR
_gpsbo
801 1 _aRU
_bELAR
_2rusmarc
852 _aNLR
_j50К/13306
942 _cBOOK
980 _aNB